Statistics for Trivial Pursuit: Geography

Click here to take the quiz!

General Stats

  • This quiz has been taken 187 times
    (186 since last reset)
  • The average score is 6 of 10

Answer Stats

QuestionAnswer% Correct
What razor-thin country accounts for more than half of the western coastline of South America?Chile
94%
In what country can you visit Machu Picchu?Peru
89%
What is Earth's largest continent?Asia
84%
What country has the most natural lakes?Canada
80%
What African country served as the setting for Tatooine in Star Wars?Tunisia
60%
What is the only sea without any coasts?Sargasso Sea
52%
Which African nation has the most pyramids?Sudan
46%
What percentage of the River Nile is located in Egypt?22%
35%
What river runs through Baghdad?Tigris River
35%
What is the driest place on Earth?McMurdo, Antarctica
28%

Score Distribution

Percentile by Number Answered

Percent of People with Each Score

Your Score History

You have not taken this quiz since the last reset